Palimpsests of the romantic

Titel: Palimpsests of the romantic / Christian Karner, Marek Kaźmierczak
Verfasser: ;
In: Journal of contemporary Central and Eastern Europe, Band 25, Heft 1 (2017), Seite 3-22
alle Artikel anzeigen
Veröffentlicht: 2017
Format: Aufsatz
Sprache: Englisch
Schlagworte:
Kein Bild verfügbar
X
alg: 46905771
001A    $03025:09-09-20 
001B    $01999:09-09-20 $t22:40:03.000 
001D    $03025:09-09-20 
001U    $0utf8 
001X    $00 
002@    $0Oou 
002C    $aText $btxt $2rdacontent 
002D    $aComputermedien $bc $2rdamedia 
002E    $aOnline-Ressource $bcr $2rdacarrier 
003@    $0469057718 
004P    $010.1080/0965156X.2016.1219161 
007A    $0469057718 $aHEB 
010@    $aeng 
010E    $erda 
011@    $a2017 
021A    $aPalimpsests of the romantic $hChristian Karner, Marek Kaźmierczak 
028A    $BVerfasser $4aut $8Karner, Christian [Tp3] $9461471434 
028C    $BVerfasser $4aut $7 $8Kaźmierczak, Marek [Tnu] $9222324287 
031A    $d25 $e1 $h3-22 $j2017 
039B    $aEnthalten in $8--Obvc--. Journal of contemporary Central and Eastern Europe. - Abingdon, Ofordshire : Routlegde, Taylor & Francis Group, 2015-. - Online-Ressource. - ISSN 2573-9646 $x201700000250001997 $9426937147 
044K    $RKongresspolen $RWestgalizien $#Generalgouvernement Polen $#Polska $#Rzeczpospolita Polska $#Polska Rzeczpospolita Ludowa $#Poland $#Pologne $#République Polonaise $#Generalne Gubernatorstwo w Polsce $#Polish People's Republic $#Polska Rzeczpospolita Polen $#PRL $#RP $#Polen Generalgouvernement $#Polska Generalgouvernement $#Besetzte Polnische Gebiete $#Besetztes Gebiet in Polen $#Okupowane Polskie Obszary $#Obszary Okupowane w Polsce $#Volksrepublik Polen $#Polska Rosyjska $#Republic Polen $#Respublika Pol'ša $#Pol'skaja Narodnaja Respublika $#République de Pologne $#Polen Links der Weichsel $#Polska po Lewej Stronie Wisły $#Lenkija $#Polija $#Gubernija Carstva Pol'skago $#Republik Polen $74046496-9 $8Polen [Tg1] $9085129801 
044K    $RÖsterreich $RÖsterreich-Ungarn $RErzherzogtum Österreich $#Österreich $#Österreich $#Österreich Zweite Republik $#Österreich Erste Republik $#Deutschösterreich $#Land Österreich $#Die @im Reichsrat Vertretenen Königreiche und Länder Österreich $#Zisleithanien $#Cisleithanien $#Habsburgermonarchie $#Habsburgerreich $#Ostmark Österreich $#Austrya $#Austrja $#Republik Österreich $#Bundesstaat Österreich $#Staat Deutschösterreich $#Kaisertum Österreich $#Kaiserthum Österreich $#Österreichische Monarchie $#Austria $#Autriche $#Ostmark $74043271-3 $8Österreich [Tgz] $9085120758 
044K    $RBiedermeier $#Romanticism $#Romantisme $#Romanticismo $#Romantik $#Frühromantik $#Spätromantik $74050491-8 $8Romantik [Ts1] $9085140775 
044K    $RBewusstsein $RNationalismus $RNationenbildung $RPatriotismus $#Nationalism $#Nationalisme $#Nationalbewusstsein $#nationale Identität $#Nationale Identität Nationalbewusstsein $#Nationales Bewusstsein $#Nationalgefühl $#Historische Identität Nationalbewusstsein $74041282-9 $8Nationalbewusstsein [Ts1] $9085112976 
044K    $RNationalbewegung $RNationalbewusstsein $RPatriotismus $#Nationalism $#Nationalisme $#Nacionalismo $#Nationalismus $#Nationalismus $74041300-7 $8Nationalismus [Ts1] $9085113069 
045F    $a306.09438 $eDDC23BSB 
045F/01 $a306.09 
045F/03 $g438 
045R    $aGeschichte 1800-2010 

lok: 46905771 78

exp: 46905771 78 1 #EPN
201B/01 $009-09-20 $t11:59:08.000 
201C/01 $009-09-20 
201U/01 $0utf8 
203@/01 $01122683324 
208@/01 $a09-09-20 $be 
209A/01 $a/ $f000 $x00 
209A/01 $ab*p $x01 
220C/01 $apgar 
244Z/01 $#Generalgouvernement Polen $#Polska $#Rzeczpospolita Polska $#Polska Rzeczpospolita Ludowa $#Poland $#Pologne $#République Polonaise $#Generalne Gubernatorstwo w Polsce $#Polish People's Republic $#Polska Rzeczpospolita Polen $#PRL $#RP $#Polen Generalgouvernement $#Polska Generalgouvernement $#Besetzte Polnische Gebiete $#Besetztes Gebiet in Polen $#Okupowane Polskie Obszary $#Obszary Okupowane w Polsce $#Volksrepublik Polen $#Polska Rosyjska $#Republic Polen $#Respublika Pol'ša $#Pol'skaja Narodnaja Respublika $#République de Pologne $#Polen Links der Weichsel $#Polska po Lewej Stronie Wisły $#Lenkija $#Polija $#Gubernija Carstva Pol'skago $#Republik Polen $74046496-9 $8--Tg1--Polen $x01 $9085129801 
247C/01 $82080>Marburg/Lahn, Herder-Institut, Forschungsbibliothek, Bibliographieportal $9336309341
LEADER 00000caa a2200000 c 4500
001 469057718
003 DE-603
005 20200909224003.0
007 cr||||||||||||
008 200909s2017 xx |||| o| u00||u|eng c
024 7 |a 10.1080/0965156X.2016.1219161  |2 doi 
035 |a (DE-599)HEB469057718 
040 |a DE-603  |b ger  |c DE-603  |d DE-603  |e rda 
041 |a eng 
082 0 4 |8 1\u  |a 306.09438  |q DE-101  |2 23/BSB 
085 |8 1\u  |b 306.09 
085 |8 1\u  |z 2  |s 438 
100 1 |a Karner, Christian  |e Verfasser  |4 aut  |0 (DE-603)461471434  |0 (DE-588)1206902841  |2 gnd 
245 0 0 |a Palimpsests of the romantic  |c Christian Karner, Marek Kaźmierczak 
264 0 |c 2017 
336 |a Text  |b txt  |2 rdacontent 
337 |a Computermedien  |b c  |2 rdamedia 
338 |a Online-Ressource  |b cr  |2 rdacarrier 
648 7 |a Geschichte 1800-2010  |2 gnd 
650 7 |a Romantik  |0 (DE-588)4050491-8  |0 (DE-603)085140775  |2 gnd 
650 7 |a Nationalbewusstsein  |0 (DE-588)4041282-9  |0 (DE-603)085112976  |2 gnd 
650 7 |a Nationalismus  |0 (DE-588)4041300-7  |0 (DE-603)085113069  |2 gnd 
651 7 |a Polen  |0 (DE-588)4046496-9  |0 (DE-603)085129801  |2 gnd 
651 7 |a Österreich  |0 (DE-588)4043271-3  |0 (DE-603)085120758  |2 gnd 
700 1 |a Kaźmierczak, Marek  |e Verfasser  |4 aut  |0 (DE-603)222324287 
773 0 8 |i Enthalten in  |t Journal of contemporary Central and Eastern Europe  |d Abingdon, Ofordshire : Routlegde, Taylor & Francis Group, 2015-  |h Online-Ressource  |x 2573-9646  |g Band 25, Heft 1 (2017), Seite 3-22  |w (DE-603)426937147  |w (DE-600)2922261-8 
924 1 |9 2080  |a (DE-603)1122683324  |b DE-2080  |c HES  |d d  |g /